| 000 | 01113nam a2200277Ia 4500 | ||
|---|---|---|---|
| 003 | OSt | ||
| 005 | 20220923211237.0 | ||
| 006 | a|||||r|||| 00| 0 | ||
| 007 | ta | ||
| 008 | 220922b |||||||| |||| 00| 0 hin d | ||
| 020 |
_a9788173098932 (hbk) _c600 |
||
| 024 | _a289,275 | ||
| 037 |
_b1335, 11/03/2016, Kiran Book Service _cTextual |
||
| 040 |
_aARTS _cARTS _bhin |
||
| 041 |
_2hin _ahin |
||
| 082 | _aO152,6x, Q6.1 | ||
| 100 |
_aपालीवाल, कृष्णदत्त, संपा. _9157127 |
||
| 245 | 0 | _aहिन्दी साहित्य की प्रसिद्ध भूमिकाएॅं | |
| 246 | _aHindī sāhitya kī prasiddha bhūmikāeॅan | ||
| 260 |
_aनई दिल्ली _b सस्ता प्रकाशन मण्डल _c2016 |
||
| 300 |
_a571पृ. _ccm. |
||
| 490 | _vखण्ड 1 | ||
| 650 |
_aहिन्दी साहित्य _9156264 |
||
| 942 |
_hO152,6x, Q6.1 _cTEXL _2CC |
||
| 999 |
_c297538 _d297538 |
||